[Event "37. Copenhagen Open (Politiken Cup)"]
[Site "Elsinore"]
[Date "2015.07.29"]
[Round "6"]
[White "Jorgensen, Morten"]
[Black "Huse, Lars Paul"]
[Result "1-0"]
[WhiteElo "1602"]
[BlackElo "1170"]
[PlyCount "69"]
[EventDate "2015.07.25"]
[EventType "swiss"]
[EventRounds "10"]
[EventCountry "DEN"]
[Source "ChessBase"]
[SourceDate "2015.09.14"]

1. d4 d5 2. Nf3 c6 3. c4 Nf6 4. Nc3 g6 5. e3 Bg7 6. Bd3 O-O 7. O-O Be6 8. cxd5
Nxd5 9. e4 Nxc3 10. bxc3 b5 11. Be3 a6 12. Qe2 Qc7 13. Ng5 Bd7 14. a4 h6 15.
Nf3 e6 16. Rfc1 Rd8 17. axb5 cxb5 18. c4 bxc4 19. Bxc4 Qd6 20. e5 Qe7 21. Bxa6
Nxa6 22. Rxa6 Qe8 23. Rb6 Rdc8 24. Rbb1 Rab8 25. h3 Rxc1+ 26. Rxc1 Qe7 27. Qd2
Qb4 28. Bxh6 Qxd2 29. Bxd2 Bf8 30. Be3 Ba3 31. Rc7 Be8 32. Ng5 Rb1+ 33. Kh2 Rd1
34. Rc8 Kf8 35. Nh7+ 1-0

[Event "37. Copenhagen Open (Politiken Cup)"]
[Site "Elsinore"]
[Date "2015.07.29"]
[Round "6"]
[White "Karlsson, Ulf"]
[Black "Rosenkilde, Alexander"]
[Result "1/2-1/2"]
[WhiteElo "2041"]
[BlackElo "2225"]
[PlyCount "127"]
[EventDate "2015.07.25"]
[EventType "swiss"]
[EventRounds "10"]
[EventCountry "DEN"]
[Source "ChessBase"]
[SourceDate "2015.09.14"]

1. e4 c5 2. Nc3 Nc6 3. g3 g6 4. Bg2 Bg7 5. d3 d6 6. f4 e6 7. Nf3 Nge7 8. O-O
O-O 9. Be3 b6 10. Bf2 Bb7 11. Rb1 Nd4 12. Ne2 Nxf3+ 13. Bxf3 Qc7 14. c3 e5 15.
c4 f5 16. Be3 Rae8 17. Nc3 Nc6 18. Nd5 Qd8 19. Qd2 Nd4 20. Bg2 Bxd5 21. cxd5
fxe4 22. Bxe4 Bh6 23. Bxd4 cxd4 24. Qg2 exf4 25. g4 Qh4 26. Qf3 Rc8 27. Rbc1
Rc5 28. Rxc5 bxc5 29. Kg2 Rb8 30. Rf2 Qd8 31. Qe2 Bg5 32. Bf3 Rb7 33. Qc2 Qa5
34. b3 Qc3 35. Be4 Bh4 36. Re2 Bf6 37. Kf3 Be5 38. Rd2 Qa1 39. Rd1 Qc3 40. Rd2
Kg7 41. Kg2 Qa5 42. Qd1 Qd8 43. Qe1 Rb6 44. Rc2 Ra6 45. Kf3 Ra3 46. Rb2 Qb6 47.
Qd2 Ra5 48. Rc2 Rb5 49. Rc4 Qd8 50. Qe1 Qg5 51. Rc2 Qd8 52. Rc4 Qa5 53. Qxa5
Rxa5 54. Rc2 Kf6 55. Rg2 Ra3 56. g5+ Kf7 57. h4 a5 58. Rb2 a4 59. Kg4 axb3 60.
Rxb3 Rxa2 61. Rb7+ Kg8 62. Rb8+ Kg7 63. Rb7+ Kg8 64. Rb8+ 1/2-1/2

[Event "37. Copenhagen Open (Politiken Cup)"]
[Site "Elsinore"]
[Date "2015.07.29"]
[Round "6"]
[White "Keen, Cosima C"]
[Black "Slettebo, Jan"]
[Result "0-1"]
[WhiteElo "1821"]
[BlackElo "2006"]
[PlyCount "78"]
[EventDate "2015.07.25"]
[EventType "swiss"]
[EventRounds "10"]
[EventCountry "DEN"]
[Source "ChessBase"]
[SourceDate "2015.09.14"]

1. e4 e5 2. f4 exf4 3. Nf3 Be7 4. h4 d5 5. exd5 Bg4 6. Bb5+ c6 7. dxc6 Nxc6 8.
Qe2 Nf6 9. Bxc6+ bxc6 10. d3 O-O 11. Bxf4 Re8 12. Kf1 Bd6 13. Qd2 Nh5 14. Bh2
Bxf3 15. gxf3 Qxh4 16. Nc3 Ng3+ 17. Kg2 Nxh1 18. Bxd6 Re6 19. Bh2 Rae8 20. Kxh1
Re1+ 21. Rxe1 Qxe1+ 22. Qxe1 Rxe1+ 23. Kg2 Rc1 24. Na4 Rxc2+ 25. Kg3 f5 26. Bg1
a6 27. Kf4 h5 28. Kxf5 h4 29. Bd4 h3 30. Be5 h2 31. Bxh2 Rxh2 32. Ke5 Rh3 33.
f4 Rxd3 34. f5 Kf7 35. Nc3 Rd2 36. Na4 Rd5+ 37. Ke4 Kf6 38. Nb6 Re5+ 39. Kd4
Kxf5 0-1

[Event "37. Copenhagen Open (Politiken Cup)"]
[Site "Elsinore"]
[Date "2015.07.29"]
[Round "6"]
[White "Kistrup, Nicolai"]
[Black "Rewitz, Poul"]
[Result "1-0"]
[WhiteElo "1986"]
[BlackElo "2184"]
[PlyCount "49"]
[EventDate "2015.07.25"]
[EventType "swiss"]
[EventRounds "10"]
[EventCountry "DEN"]
[Source "ChessBase"]
[SourceDate "2015.09.14"]

1. d4 c6 2. c4 g6 3. Nc3 Bg7 4. e4 a6 5. Be3 b5 6. Qd2 Nf6 7. f3 bxc4 8. Bxc4
d5 9. Bb3 dxe4 10. fxe4 Ng4 11. O-O-O Nxe3 12. Qxe3 Nd7 13. Nf3 O-O 14. Kb1 a5
15. Rhf1 Rb8 16. Ng5 e6 17. Nxf7 Rxf7 18. Bxe6 Nf6 19. Bxf7+ Kxf7 20. d5 Kg8
21. dxc6 Qe7 22. Qf4 Rb6 23. Qd6 Nd5 24. Qxd5+ Be6 25. Qd8+ 1-0

[Event "37. Copenhagen Open (Politiken Cup)"]
[Site "Elsinore"]
[Date "2015.07.29"]
[Round "6"]
[White "Klings, Peter"]
[Black "Petersson, Baldur Teodor"]
[Result "1-0"]
[WhiteElo "2154"]
[BlackElo "1988"]
[PlyCount "101"]
[EventDate "2015.07.25"]
[EventType "swiss"]
[EventRounds "10"]
[EventCountry "DEN"]
[Source "ChessBase"]
[SourceDate "2015.09.14"]

1. Nf3 Nf6 2. c4 c6 3. e3 d5 4. Nc3 a6 5. Qc2 b5 6. b3 Qc7 7. d4 e6 8. Bb2 dxc4
9. bxc4 b4 10. Ne4 Nxe4 11. Qxe4 Bb7 12. Be2 Nd7 13. c5 Nf6 14. Qc2 Be7 15. Qa4
a5 16. a3 Nd5 17. O-O O-O 18. Bc4 Rfb8 19. Ne5 Ba6 20. Bxa6 Rxa6 21. Nd3 Qb7
22. axb4 Nxb4 23. Ne5 Bd8 24. Bc3 Nd5 25. Bd2 Be7 26. Nc4 Qb5 27. Rfc1 Kf8 28.
g3 Raa8 29. Rc2 Nb4 30. Rcc1 Nd3 31. Rcb1 Qxa4 32. Rxb8+ Rxb8 33. Rxa4 Ra8 34.
Ra3 Nxc5 35. dxc5 a4 36. Nb2 Rd8 37. Bc3 Rd5 38. Nxa4 Bd8 39. Rb3 f6 40. Rb8
Kf7 41. Rc8 Rd1+ 42. Kg2 Ba5 43. Bxa5 Ra1 44. Rxc6 Rxa4 45. Bb6 Rc4 46. Rc7+
Kf8 47. c6 Ke8 48. Rc8+ Ke7 49. c7 Rc6 50. Rg8 Kd7 51. Rd8+ 1-0

[Event "37. Copenhagen Open (Politiken Cup)"]
[Site "Elsinore"]
[Date "2015.07.29"]
[Round "6"]
[White "Kristensen, Lars Ostergaard"]
[Black "Rasmussen, Lars"]
[Result "1/2-1/2"]
[WhiteElo "1675"]
[BlackElo "1953"]
[PlyCount "65"]
[EventDate "2015.07.25"]
[EventType "swiss"]
[EventRounds "10"]
[EventCountry "DEN"]
[Source "ChessBase"]
[SourceDate "2015.09.14"]

1. d4 d5 2. c4 dxc4 3. e3 Nf6 4. Nc3 a6 5. Bxc4 e6 6. Nf3 c5 7. O-O Nc6 8. dxc5
Qxd1 9. Rxd1 Bxc5 10. b3 b5 11. Bf1 Bb7 12. Bb2 Ke7 13. Rac1 Bb6 14. Ne2 Rhd8
15. Ned4 Nxd4 16. Nxd4 Rd7 17. Ba3+ Ke8 18. Be2 Rad8 19. Bb2 Kf8 20. Nf3 Ne4
21. Rxd7 Rxd7 22. Rd1 Rxd1+ 23. Bxd1 f6 24. Bc2 Bd5 25. Bd3 h6 26. Kf1 Ke7 27.
Ke2 Bc5 28. Ne1 Bb4 29. Bxe4 Bxe4 30. Nd3 Bd6 31. g3 b4 32. Bd4 Kd7 33. Nc5+
1/2-1/2

[Event "37. Copenhagen Open (Politiken Cup)"]
[Site "Elsinore"]
[Date "2015.07.29"]
[Round "6"]
[White "Kristensen, Thomas Overgaard"]
[Black "Nordin, Eric"]
[Result "0-1"]
[WhiteElo "1545"]
[BlackElo "1899"]
[PlyCount "82"]
[EventDate "2015.07.25"]
[EventType "swiss"]
[EventRounds "10"]
[EventCountry "DEN"]
[Source "ChessBase"]
[SourceDate "2015.09.14"]

1. d4 d6 2. c4 g6 3. Nc3 Bg7 4. e4 Nd7 5. Nge2 e5 6. d5 Ne7 7. Ng3 O-O 8. Be2
f5 9. Bg5 Nf6 10. h4 h6 11. Bd2 fxe4 12. Ncxe4 Nf5 13. h5 Nxg3 14. Nxg3 g5 15.
Qc2 e4 16. O-O-O Qe7 17. Rde1 Bd7 18. Bd3 exd3 19. Rxe7 dxc2 20. Bxg5 hxg5 21.
h6 Rf7 22. Rxf7 Kxf7 23. hxg7 Kxg7 24. Kxc2 Re8 25. Kd3 Kg6 26. f3 Re7 27. b4
Rh7 28. Rxh7 Kxh7 29. Kd4 Kg6 30. Ne4 Nxe4 31. Kxe4 Bf5+ 32. Kd4 Bc2 33. c5 Kf5
34. a3 Kf4 35. c6 b5 36. Kc3 Bd1 37. Kd2 Bb3 38. Ke2 Bxd5 39. Kf2 Bxc6 40. g3+
Ke5 41. Ke3 d5 0-1

[Event "37. Copenhagen Open (Politiken Cup)"]
[Site "Elsinore"]
[Date "2015.07.29"]
[Round "6"]
[White "Kristiansen, Jesper2"]
[Black "Westerlund, Ola"]
[Result "0-1"]
[WhiteElo "2051"]
[BlackElo "1869"]
[PlyCount "70"]
[EventDate "2015.07.25"]
[EventType "swiss"]
[EventRounds "10"]
[EventCountry "DEN"]
[Source "ChessBase"]
[SourceDate "2015.09.14"]

1. e4 d6 2. d4 Nf6 3. Nc3 g6 4. Be3 c6 5. Qd2 b5 6. Bd3 Nbd7 7. Nf3 e5 8. O-O
Bg7 9. dxe5 dxe5 10. h3 O-O 11. a4 b4 12. Ne2 a5 13. Ng3 Qe7 14. Bc4 Nc5 15.
Ng5 Ba6 16. Bxa6 Rxa6 17. Rfd1 h6 18. Nf3 Raa8 19. Qd6 Qxd6 20. Rxd6 Nfxe4 21.
Nxe4 Nxe4 22. Rxc6 Rfc8 23. Rxc8+ Rxc8 24. Bb6 Rxc2 25. Re1 Nc5 26. Bxa5 e4 27.
Nh2 Rxb2 28. Bb6 Nxa4 29. Be3 h5 30. Ra1 Nc3 31. Ra8+ Kh7 32. Ra7 Rb1+ 33. Nf1
Ne2+ 34. Kh2 Rxf1 35. Rxf7 b3 0-1

[Event "37. Copenhagen Open (Politiken Cup)"]
[Site "Elsinore"]
[Date "2015.07.29"]
[Round "6"]
[White "Kristiansen, Tore"]
[Black "Mehringer, Joerg"]
[Result "1-0"]
[WhiteElo "1784"]
[BlackElo "1991"]
[PlyCount "119"]
[EventDate "2015.07.25"]
[EventType "swiss"]
[EventRounds "10"]
[EventCountry "DEN"]
[Source "ChessBase"]
[SourceDate "2015.09.14"]

1. d4 Nf6 2. c4 e6 3. g3 Bb4+ 4. Bd2 Bxd2+ 5. Qxd2 O-O 6. Bg2 d5 7. Nc3 c6 8.
Nf3 Nbd7 9. O-O Re8 10. cxd5 exd5 11. Rfe1 Nf8 12. b4 a6 13. Qb2 Ng6 14. a4 Bd7
15. b5 axb5 16. axb5 Rxa1 17. Rxa1 Qb6 18. e3 h6 19. Qa2 Rc8 20. bxc6 bxc6 21.
Rb1 Qc7 22. Na4 Ra8 23. Qc2 Rb8 24. Rc1 Ne4 25. Nd2 Nxd2 26. Qxd2 Ne7 27. Qc3
Qa7 28. Nc5 Bc8 29. Bf1 Qa2 30. Ra1 Qb2 31. Qxb2 Rxb2 32. Ra8 Kh7 33. Bd3+ Bf5
34. Ra7 Bxd3 35. Nxd3 Rd2 36. Ne5 f6 37. Rxe7 fxe5 38. Rxe5 Rc2 39. Kg2 Kg6 40.
g4 Kf6 41. Kg3 Rc1 42. Re8 Ra1 43. Rc8 Ra6 44. Rc7 Kg6 45. h4 Kf6 46. h5 Rb6
47. Kf4 Ra6 48. Rd7 Rb6 49. Rd6+ Ke7 50. Rg6 Kf7 51. f3 Ra6 52. e4 dxe4 53.
fxe4 Ra4 54. Ke5 Rc4 55. g5 hxg5 56. Rxg5 c5 57. d5 Ra4 58. Rg6 Ra1 59. Rc6 Rc1
60. Rc7+ 1-0

[Event "37. Copenhagen Open (Politiken Cup)"]
[Site "Elsinore"]
[Date "2015.07.29"]
[Round "6"]
[White "Kunin, Vitaly L"]
[Black "Andersen, Morten"]
[Result "1-0"]
[WhiteElo "2576"]
[BlackElo "2174"]
[PlyCount "35"]
[EventDate "2015.07.25"]
[EventType "swiss"]
[EventRounds "10"]
[EventCountry "DEN"]
[Source "ChessBase"]
[SourceDate "2015.09.14"]

1. d4 Nf6 2. Nf3 c5 3. d5 b5 4. Bg5 Ne4 5. Bf4 Bb7 6. e3 g6 7. c3 Qa5 8. Nbd2
Nf6 9. e4 d6 10. a4 b4 11. cxb4 Qxb4 12. Bb5+ Nbd7 13. O-O Bxd5 14. Bxd6 Be6
15. Be5 Qa5 16. Ng5 Rd8 17. Nxe6 fxe6 18. Nc4 1-0

[Event "37. Copenhagen Open (Politiken Cup)"]
[Site "Elsinore"]
[Date "2015.07.29"]
[Round "6"]
[White "Kvamme, Ingrid Jodre"]
[Black "Larsen, Steen"]
[Result "1-0"]
[WhiteElo "1351"]
[BlackElo "1141"]
[PlyCount "65"]
[EventDate "2015.07.25"]
[EventType "swiss"]
[EventRounds "10"]
[EventCountry "DEN"]
[Source "ChessBase"]
[SourceDate "2015.09.14"]

1. c4 e5 2. d3 Nf6 3. Nf3 Bb4+ 4. Bd2 c5 5. g3 e4 6. dxe4 Nxe4 7. Bg2 d5 8.
cxd5 Qxd5 9. O-O Qf5 10. a3 Nxd2 11. Nbxd2 Ba5 12. Nc4 Bc7 13. Nd6+ Bxd6 14.
Qxd6 Nc6 15. Rac1 Nd4 16. Nxd4 cxd4 17. Qxd4 Qf6 18. Qxf6 gxf6 19. Rfd1 O-O 20.
Rc7 Bg4 21. Rd2 Rac8 22. Rxc8 Rxc8 23. h3 Bf5 24. Bxb7 Rc2 25. Rxc2 Bxc2 26.
Kg2 Bf5 27. h4 Kf8 28. Kf3 Ke7 29. Be4 Bg6 30. Bxg6 fxg6 31. Ke4 Kd6 32. g4 h6
33. h5 1-0

[Event "37. Copenhagen Open (Politiken Cup)"]
[Site "Elsinore"]
[Date "2015.07.29"]
[Round "6"]
[White "Kvamme, John Agnar"]
[Black "Kollars, Dmitrij"]
[Result "0-1"]
[WhiteElo "2158"]
[BlackElo "2437"]
[PlyCount "114"]
[EventDate "2015.07.25"]
[EventType "swiss"]
[EventRounds "10"]
[EventCountry "DEN"]
[Source "ChessBase"]
[SourceDate "2015.09.14"]

1. Nf3 Nf6 2. c4 g6 3. g3 Bg7 4. Bg2 O-O 5. O-O d6 6. Nc3 e5 7. d3 Nc6 8. Rb1
a5 9. a3 Nd4 10. Bg5 h6 11. Bxf6 Qxf6 12. b4 axb4 13. axb4 Bg4 14. Nd5 Qd8 15.
Nxd4 exd4 16. h3 Bd7 17. b5 h5 18. Ra1 Rb8 19. Qd2 c6 20. bxc6 bxc6 21. Nb4 Qb6
22. Na6 Rb7 23. Qa5 Qxa5 24. Rxa5 Rb2 25. Bf3 Ra8 26. Rfa1 Ra7 27. c5 d5 28. h4
Rab7 29. Kg2 Ra7 30. R5a4 Rab7 31. Kh2 f5 32. Kg2 Kf7 33. Kf1 Ke6 34. Kg2 Bf6
35. Kf1 Bc8 36. Kg2 Ke5 37. Kf1 f4 38. Kg2 fxg3 39. Kxg3 Ke6 40. Bg2 Kf7 41.
R1a2 Rxa2 42. Rxa2 Ra7 43. Nb4 Rxa2 44. Nxa2 Be7 45. e4 dxe3 46. fxe3 Bxc5 47.
d4 Bd6+ 48. Kf2 Bf5 49. Nc3 Be7 50. Kg3 Bb4 51. Nd1 Be1+ 52. Nf2 Be4 53. Bxe4
dxe4 54. Kg2 Bxf2 55. Kxf2 Kf6 56. Kg2 g5 57. hxg5+ Kxg5 0-1

[Event "37. Copenhagen Open (Politiken Cup)"]
[Site "Elsinore"]
[Date "2015.07.29"]
[Round "6"]
[White "Langvik, Ulrikke"]
[Black "Roksvold, Thore"]
[Result "1-0"]
[WhiteElo "1405"]
[BlackElo "1629"]
[PlyCount "135"]
[EventDate "2015.07.25"]
[EventType "swiss"]
[EventRounds "10"]
[EventCountry "DEN"]
[Source "ChessBase"]
[SourceDate "2015.09.14"]

1. e4 d6 2. d4 Nf6 3. Nc3 g6 4. f3 Bg7 5. Be3 O-O 6. Qd2 Nfd7 7. O-O-O e5 8. d5
b6 9. Bh6 a5 10. Bxg7 Kxg7 11. h4 h6 12. g3 Nc5 13. Nh3 f5 14. Nf2 Bd7 15. Nd3
Nxd3+ 16. Bxd3 f4 17. gxf4 Rxf4 18. h5 g5 19. Qg2 Kh8 20. Qg3 Qg8 21. Ne2 Rf7
22. Nc3 Rg7 23. Ne2 Be8 24. Rdg1 Nd7 25. Qh2 Nc5 26. Rd1 Nxd3+ 27. Rxd3 Bb5 28.
Rdd1 Rf8 29. Nc3 Bd7 30. Rdf1 b5 31. Ne2 b4 32. Ng3 g4 33. fxg4 Bxg4 34. Rxf8
Qxf8 35. Rf1 Qg8 36. Qf2 Bc8 37. Rg1 Bd7 38. Ne2 Bg4 39. Rh1 Bxe2 40. Qxe2 Rg1+
41. Rxg1 Qxg1+ 42. Kd2 Qg5+ 43. Kd1 Kg7 44. Qf3 Qg1+ 45. Ke2 Qh2+ 46. Kd3 Qf4
47. Qg2+ Qg5 48. Qh3 Qe7 49. Qg4+ Kf8 50. Qg6 Qg7 51. Qe6 Qg3+ 52. Kc4 Qf4 53.
Qc8+ Kg7 54. Qxc7+ Kh8 55. Qd8+ Kg7 56. Qe7+ Kh8 57. Qe8+ Kg7 58. Qg6+ Kf8 59.
Qxd6+ Ke8 60. Qg6+ Kf8 61. d6 Qf1+ 62. Kd5 Qb5+ 63. Ke6 Qb7 64. Qxh6+ Kg8 65.
Qg6+ Kf8 66. Qf6+ Kg8 67. Qd8+ Kg7 68. Qe7+ 1-0

[Event "37. Copenhagen Open (Politiken Cup)"]
[Site "Elsinore"]
[Date "2015.07.29"]
[Round "6"]
[White "Laustsen, Lars"]
[Black "Undheim, Bjarne"]
[Result "1-0"]
[WhiteElo "2098"]
[BlackElo "1899"]
[PlyCount "29"]
[EventDate "2015.07.25"]
[EventType "swiss"]
[EventRounds "10"]
[EventCountry "DEN"]
[Source "ChessBase"]
[SourceDate "2015.09.14"]

1. d4 d5 2. c4 Nc6 3. Nc3 dxc4 4. Nf3 Bg4 5. d5 Bxf3 6. exf3 Ne5 7. Bf4 Ng6 8.
Bxc4 Nf6 9. Bg3 a6 10. O-O Nh5 11. Qa4+ Qd7 12. Bb5 axb5 13. Qxa8+ Qd8 14. Qxb7
Nxg3 15. hxg3 1-0

[Event "37. Copenhagen Open (Politiken Cup)"]
[Site "Elsinore"]
[Date "2015.07.29"]
[Round "6"]
[White "Levrand, Roland"]
[Black "Kristiansen, Jens"]
[Result "0-1"]
[WhiteElo "2146"]
[BlackElo "2423"]
[PlyCount "58"]
[EventDate "2015.07.25"]
[EventType "swiss"]
[EventRounds "10"]
[EventCountry "DEN"]
[Source "ChessBase"]
[SourceDate "2015.09.14"]

1. e4 g6 2. d4 Bg7 3. Nc3 d6 4. Nge2 a6 5. a4 Nc6 6. g3 Bg4 7. Qd3 Nb4 8. Qd2
Bf3 9. Rg1 c5 10. Bg2 Bxg2 11. Rxg2 cxd4 12. Nd5 Nc6 13. a5 Nf6 14. Nb6 Nxe4
15. Qf4 d5 16. Nxa8 Qxa8 17. Qc7 O-O 18. f3 Nd6 19. Nf4 Rc8 20. Qb6 Nc4 21. Qb3
e6 22. Bd2 d3 23. c3 N6e5 24. Rf2 Qa7 25. Nh3 Nxd2 26. Kxd2 Nc4+ 27. Kxd3 Qe3+
28. Kc2 Nxb2 29. Kb1 Nd3 0-1

[Event "37. Copenhagen Open (Politiken Cup)"]
[Site "Elsinore"]
[Date "2015.07.29"]
[Round "6"]
[White "Liedbeck, Patrik"]
[Black "Hojgaard, Brandur"]
[Result "1-0"]
[WhiteElo "1986"]
[BlackElo "1787"]
[PlyCount "55"]
[EventDate "2015.07.25"]
[EventType "swiss"]
[EventRounds "10"]
[EventCountry "DEN"]
[Source "ChessBase"]
[SourceDate "2015.09.14"]

1. e4 e5 2. Nf3 Nc6 3. Bc4 Nf6 4. Ng5 d5 5. exd5 Na5 6. Bb5+ c6 7. dxc6 bxc6 8.
Be2 h6 9. Nf3 e4 10. Ne5 Bd6 11. d4 exd3 12. Nxd3 Qc7 13. h3 O-O 14. Nc3 Ba6
15. O-O Rad8 16. b3 c5 17. Qe1 Rfe8 18. Be3 c4 19. Nb2 Be5 20. Nba4 Ne4 21.
Nxe4 Bxa1 22. Nec5 Bb5 23. Qxa1 Rd5 24. b4 Nc6 25. a3 Nd4 26. Bxd4 Rxe2 27. Nc3
Rxd4 28. Nxb5 1-0

[Event "37. Copenhagen Open (Politiken Cup)"]
[Site "Elsinore"]
[Date "2015.07.29"]
[Round "6"]
[White "Linderod, Lars Erik"]
[Black "Hvenekilde, Jorgen"]
[Result "1/2-1/2"]
[WhiteElo "1912"]
[BlackElo "2114"]
[PlyCount "76"]
[EventDate "2015.07.25"]
[EventType "swiss"]
[EventRounds "10"]
[EventCountry "DEN"]
[Source "ChessBase"]
[SourceDate "2015.09.14"]

1. e4 d6 2. d4 g6 3. Nc3 Bg7 4. Bg5 a6 5. f4 h6 6. Bh4 b6 7. Qd2 Bb7 8. Nf3 Nd7
9. O-O-O c5 10. d5 Qc7 11. g4 b5 12. Qe3 b4 13. Nb1 Ngf6 14. Rg1 Nb6 15. Bf2
Nfd7 16. g5 c4 17. Nd4 hxg5 18. Rxg5 Nc5 19. Bg2 b3 20. axb3 cxb3 21. Nc3 bxc2
22. Kxc2 Nca4 23. Qg3 O-O-O 24. Rc1 Kb8 25. Kb1 Rc8 26. Bh3 Nd7 27. Nc6+ Bxc6
28. Nxa4 Bxa4 29. Rxc7 Rxc7 30. Bxd7 Bxd7 31. Qg1 Rhc8 32. Be3 Bb5 33. Rg2 Bd3+
34. Ka2 Bxe4 35. Rd2 Rb7 36. Bb6 Rc4 37. b3 Rb4 38. Bd4 Bxd4 1/2-1/2

[Event "37. Copenhagen Open (Politiken Cup)"]
[Site "Elsinore"]
[Date "2015.07.29"]
[Round "6"]
[White "Lofgren, Claes"]
[Black "Strachan, Christian C"]
[Result "1/2-1/2"]
[WhiteElo "2102"]
[BlackElo "1884"]
[PlyCount "49"]
[EventDate "2015.07.25"]
[EventType "swiss"]
[EventRounds "10"]
[EventCountry "DEN"]
[Source "ChessBase"]
[SourceDate "2015.09.14"]

1. d4 d5 2. c4 c6 3. e3 Nf6 4. Nf3 a6 5. Nc3 Bf5 6. Bd3 Bxd3 7. Qxd3 e6 8. O-O
Nbd7 9. e4 dxe4 10. Nxe4 Be7 11. b3 O-O 12. Bb2 Qc7 13. Rad1 Rad8 14. Nxf6+
Nxf6 15. Qe2 Qa5 16. Ba1 Qh5 17. Rd3 Bd6 18. h3 Rfe8 19. Rfd1 Bc7 20. Kf1 Qf5
21. Ne5 Qf4 22. g3 Qe4 23. Qxe4 Nxe4 24. Ke2 f6 25. Nf3 1/2-1/2

[Event "37. Copenhagen Open (Politiken Cup)"]
[Site "Elsinore"]
[Date "2015.07.29"]
[Round "6"]
[White "Louis, Thibault"]
[Black "Sjodahl, Pontus"]
[Result "1/2-1/2"]
[WhiteElo "2250"]
[BlackElo "2425"]
[PlyCount "25"]
[EventDate "2015.07.25"]
[EventType "swiss"]
[EventRounds "10"]
[EventCountry "DEN"]
[Source "ChessBase"]
[SourceDate "2015.09.14"]

1. e4 e6 2. d4 d5 3. Nc3 Bb4 4. e5 c5 5. a3 Bxc3+ 6. bxc3 Ne7 7. h4 Qa5 8. Bd2
Qa4 9. h5 b6 10. h6 gxh6 11. Nf3 Ba6 12. Bxa6 Nxa6 13. Bxh6 1/2-1/2

[Event "37. Copenhagen Open (Politiken Cup)"]
[Site "Elsinore"]
[Date "2015.07.29"]
[Round "6"]
[White "Lund, Per"]
[Black "Larsen, Preben R"]
[Result "1/2-1/2"]
[WhiteElo "2029"]
[BlackElo "1808"]
[PlyCount "106"]
[EventDate "2015.07.25"]
[EventType "swiss"]
[EventRounds "10"]
[EventCountry "DEN"]
[Source "ChessBase"]
[SourceDate "2015.09.14"]

1. e4 e5 2. Nf3 Nc6 3. Bc4 Bc5 4. c3 Nf6 5. d4 exd4 6. cxd4 Bb4+ 7. Bd2 Bxd2+
8. Nbxd2 d5 9. exd5 Nxd5 10. Qb3 Nce7 11. O-O O-O 12. Ne5 c6 13. Ne4 Qb6 14.
Rad1 Qxb3 15. Bxb3 Rd8 16. Rfe1 Rb8 17. h3 h6 18. a3 Kf8 19. Kh2 Bf5 20. g4
Bxe4 21. Rxe4 Rd6 22. Bxd5 Rxd5 23. Rde1 f6 24. Nc4 Rd7 25. Na5 Rbd8 26. b4 Nd5
27. Nb3 Nc3 28. R4e3 Na4 29. Kg3 Rd5 30. Kf3 R5d6 31. Re7 R6d7 32. Rxd7 Rxd7
33. Nc5 Nxc5 34. dxc5 Rd3+ 35. Re3 Rd1 36. Ke4 Kf7 37. f4 Rd5 38. Rd3 Rxd3 39.
Kxd3 Ke6 40. Ke4 g6 41. f5+ gxf5+ 42. gxf5+ Kf7 43. Kf4 Ke7 44. Kg4 Kf7 45. h4
Kg7 46. h5 Kf7 47. Kf4 Ke7 48. Ke4 Kd7 49. Kd4 Kc7 50. Kc4 Kb8 51. a4 a6 52. a5
Kc7 53. Kd4 Kd7 1/2-1/2

[Event "37. Copenhagen Open (Politiken Cup)"]
[Site "Elsinore"]
[Date "2015.07.29"]
[Round "6"]
[White "Lundberg, Roland"]
[Black "Rolvag, Mikael"]
[Result "0-1"]
[WhiteElo "1990"]
[BlackElo "2193"]
[PlyCount "84"]
[EventDate "2015.07.25"]
[EventType "swiss"]
[EventRounds "10"]
[EventCountry "DEN"]
[Source "ChessBase"]
[SourceDate "2015.09.14"]

1. d4 Nf6 2. Nf3 e6 3. c4 b6 4. g3 Ba6 5. b3 b5 6. c5 Bb7 7. Bg2 d6 8. cxd6
Bxd6 9. O-O O-O 10. Ba3 Nbd7 11. Bxd6 cxd6 12. Qd3 Qb6 13. Rd1 b4 14. Nfd2 d5
15. h3 Rac8 16. a3 a5 17. g4 h6 18. Nf3 Ba6 19. Qe3 Ne4 20. axb4 axb4 21. Bf1
Bb5 22. Rc1 f5 23. Rxc8 Rxc8 24. Nbd2 Rc3 25. Ra8+ Kh7 26. Qf4 g5 27. Qh2 Nxd2
28. Nxd2 Rc1 29. e3 Bxf1 30. Nxf1 Qb5 31. Qg2 f4 32. h4 gxh4 33. Re8 Nf6 34.
Re7+ Kg6 35. Rxe6 Kf7 36. Re5 Ne4 37. Qh3 Ng5 38. Qg2 f3 39. Rf5+ Kg7 40. Rxf3
Nxf3+ 41. Qxf3 Qxf1+ 42. Kh2 Rc2 0-1

[Event "37. Copenhagen Open (Politiken Cup)"]
[Site "Elsinore"]
[Date "2015.07.29"]
[Round "6"]
[White "Lunde, Sigmund"]
[Black "Jacobsen, Per"]
[Result "1-0"]
[WhiteElo "1898"]
[BlackElo "1680"]
[PlyCount "45"]
[EventDate "2015.07.25"]
[EventType "swiss"]
[EventRounds "10"]
[EventCountry "DEN"]
[Source "ChessBase"]
[SourceDate "2015.09.14"]

1. d4 Nf6 2. Nf3 e6 3. g3 b6 4. Bg2 Bb7 5. O-O Be7 6. c4 O-O 7. Nc3 d5 8. b3
Nbd7 9. Bb2 a6 10. Qc2 Rc8 11. cxd5 Nxd5 12. e4 N5f6 13. Ng5 g6 14. Rae1 c5 15.
d5 exd5 16. exd5 Nxd5 17. Nxf7 Rxf7 18. Nxd5 Ba8 19. Nxe7+ Rxe7 20. Rxe7 Qxe7
21. Qc3 Kf7 22. Bxa8 Rxa8 23. Qf3+ 1-0

[Event "37. Copenhagen Open (Politiken Cup)"]
[Site "Elsinore"]
[Date "2015.07.29"]
[Round "6"]
[White "Madison, Sigurd"]
[Black "Bredeli, Havard Iversen"]
[Result "1-0"]
[WhiteElo "1853"]
[BlackElo "1346"]
[PlyCount "71"]
[EventDate "2015.07.25"]
[EventType "swiss"]
[EventRounds "10"]
[EventCountry "DEN"]
[Source "ChessBase"]
[SourceDate "2015.09.14"]

1. e4 e6 2. d4 d5 3. Nd2 c5 4. exd5 exd5 5. dxc5 Bxc5 6. Nb3 Bb6 7. Nf3 Nc6 8.
Be2 Nf6 9. Bg5 O-O 10. O-O Qd6 11. c4 Ne7 12. Bd3 Bf5 13. Bxf5 Nxf5 14. c5 Bxc5
15. Qc2 Ne4 16. Rad1 Bb6 17. Nh4 Nxh4 18. Bxh4 Bd8 19. Bg3 Nxg3 20. hxg3 Qc6
21. Qd3 Bf6 22. Rd2 Rfd8 23. Rc1 Qb6 24. Rc5 d4 25. Rdc2 Qa6 26. Rc7 Qxa2 27.
Rxb7 Qb1+ 28. Nc1 Bg5 29. f4 Bf6 30. Rxf7 Re8 31. Rfc7 Kh8 32. Kh2 Qa1 33. Qf3
Rad8 34. Qh5 Re7 35. Rc8 Red7 36. Qe8+ 1-0

[Event "37. Copenhagen Open (Politiken Cup)"]
[Site "Elsinore"]
[Date "2015.07.29"]
[Round "6"]
[White "Madsen, Dennis"]
[Black "Jorgensen, Alexander Torp"]
[Result "1-0"]
[WhiteElo "1678"]
[BlackElo "1842"]
[PlyCount "41"]
[EventDate "2015.07.25"]
[EventType "swiss"]
[EventRounds "10"]
[EventCountry "DEN"]
[Source "ChessBase"]
[SourceDate "2015.09.14"]

1. d4 Nf6 2. Nc3 d5 3. e4 dxe4 4. f3 exf3 5. Nxf3 Bg4 6. h3 Bxf3 7. Qxf3 c6 8.
Be3 e6 9. Bc4 Be7 10. O-O O-O 11. Rae1 Nd5 12. Nxd5 exd5 13. Bd3 Bg5 14. Bxh7+
Kxh7 15. Qh5+ Bh6 16. Bxh6 g6 17. Qg5 f6 18. Qh4 Rh8 19. Rxf6 Kg8 20. Rxg6+ Kf7
21. Rg7+ 1-0